Today's teen / (Record no. 22403)
[ view plain ]
| 000 -LEADER | |
|---|---|
| fixed length control field | 00589nam a2200217 i 4500 |
| 020 ## - INTERNATIONAL STANDARD BOOK NUMBER | |
| ISBN | 0026427990 |
| 040 ## - CATALOGING SOURCE | |
| Transcribing agency | DLC |
| 082 ## - DEWEY DECIMAL CLASSIFICATION NUMBER | |
| Classification number | 305 KEL 2000 C284 Or. |
| 100 10 - MAIN ENTRY--AUTHOR NAME | |
| Personal name | Kelly, Joan |
| 245 10 - TITLE STATEMENT | |
| Title | Today's teen / |
| 260 0# - PUBLICATION, DISTRIBUTION, ETC. (IMPRINT) | |
| Place of publication | Peoria, Ill. : |
| Name of publisher | C. A. Bennett Co., |
| Year of publication | c2000 |
| 300 ## - PHYSICAL DESCRIPTION | |
| Number of Pages | 442 p. : |
| Other physical details | ill. ; |
| Dimensions | 24 cm |
| 500 ## - GENERAL NOTE | |
| General note | $8.70 |
| 500 ## - GENERAL NOTE | |
| General note | Secondary |
| 520 ## - SUMMARY, ETC. | |
| Summary, etc | Focuses on helping students understanding themselves and others |
| 650 #0 - SUBJECT ADDED ENTRY--TOPICAL TERM | |
| Topical Term | Home economics |
| 650 #0 - SUBJECT ADDED ENTRY--TOPICAL TERM | |
| Topical Term | Family life education |
| 700 10 - ADDED ENTRY--PERSONAL NAME | |
| Personal name | Eubanks, Eddye |
| 710 21 - ADDED ENTRY--CORPORATE NAME | |
| Corporate name or jurisdiction name as entry element | Chas. A. Bennett Company |
| 942 ## - ADDED ENTRY ELEMENTS (KOHA) | |
| Koha item type | ADB |
| 952 ## - LOCATION AND ITEM INFORMATION (KOHA) | |
| Withdrawn status [LOCAL, KOHA] | 0 |
| Permanent Location | Date acquired | Koha item type | Lost status | Shelving location | Barcode | Current Location | Full call number |
|---|---|---|---|---|---|---|---|
| Library Block C | 2023-12-20 | ADB | C284 | a19265 | Library Block C | 305 KEL 2000 C284 Or. |